000 00735nam a2200241 u 4500
005 20220916063656.0
008 190618s2004 es r 000 0 spa d
020 _a8430558381 (10 dígitos)
020 _a9788430558384 (13 dígitos)
035 _aUPN01000231418
049 _aI
050 4 _aSF239.5
_bC3.4
100 1 _aCancio Barón, Eloísa
_938890
245 1 3 _aLa leche /
_cEloísa Cancio ; il. Silvina Sokolovsky.
260 _aMadrid :
_bSusaeta,
_c[201-?].
300 _a28 p. :
_bil. col.
440 1 _a¿Cómo se hace...?
650 4 _aLECHE -
_vLITERATURA INFANTIL
_927606
650 4 _aANIMALES -
_xPRODUCTOS
_94732
650 7 _aLibros ilustrados para niños
_2
_921365
905 _aInfantil
999 _c203513
_d203513